Statistics for Jupiler Pro League Champions

Click here to take the quiz!

General Stats

  • This quiz has been taken 617 times
  • The average score is 18 of 20

Answer Stats

HintAnswer% Correct
2014RSC Anderlecht
99%
2007RSC Anderlecht
99%
2000RSC Anderlecht
99%
2001RSC Anderlecht
99%
2013RSC Anderlecht
99%
2006RSC Anderlecht
99%
2004RSC Anderlecht
99%
2010RSC Anderlecht
99%
2012RSC Anderlecht
99%
1995RSC Anderlecht
99%
2002KRC Genk
93%
2011KRC Genk
93%
1999KRC Genk
93%
2008Standard Liege
87%
2009Standard Liege
87%
2005Club Brugge
83%
2003Club Brugge
83%
1998Club Brugge
83%
1996Club Brugge
83%
1997SK Lierse
52%

Score Distribution

Percentile by Number Answered

Percent of People with Each Score

Your Score History

You have not taken this quiz